| 000 | 00384nam a22001337a 4500 | ||
|---|---|---|---|
| 020 | _qHB. | ||
| 040 | _cFIZZA ISHAQ | ||
| 082 |
_a302.2 _bCOL |
||
| 100 |
_aHASTINGS,COLIN. _9134024 |
||
| 245 |
_aTHE NEW ORGANIZATION GROWING THE CULTURE OF ORGANIZATIONAL NETWORKING / _cCOLIN HASTINGS. |
||
| 260 |
_aLONDON ; _bMcGraw-Hill, _c1993. |
||
| 300 |
_a178 P. ; _c10.3X7.1IN |
||
| 942 |
_2ddc _cBK |
||
| 999 |
_c616947 _d616947 |
||